000 00453nam a2200181Ia 4500
001 18958
005 20260306171708.0
008 260306s9999||||xx |||||||||||||| ||und||
041 _aESP
082 _a658.562
_bV32
100 _aVargas Quiñones, Martha Elena
_eAUT
245 0 _aCalidad y servicio conceptos y herramientas
260 _c2014
300 _a362 páginas :
_c24 cm.
650 _aGEN
654 _aCAN
942 _cLIB
_dJUS
_fJUS
_2ddc
_n
999 _c18958
_d18958